| 000 | 00738cam a2200229 a 4500 | ||
|---|---|---|---|
| 001 | 000004347 | ||
| 005 | 20200929151428.0 | ||
| 008 | 840106s1973 sp 000 0 spa | ||
| 020 | _a8472730417 | ||
| 040 |
_aDO-SdBNP _bspa _cBNPHU |
||
| 041 | 1 | 7 |
_aspa _beng |
| 082 |
_a813.3 _bP743n |
||
| 100 | 1 |
_aPoe, Edgar Allan, _d1809-1849. _99903 |
|
| 245 | 1 | 0 |
_aNarraciones / _cEdgar Allan Poe ; traductor, Julio Gòmez de la Serna ; presentación, Charles Baudelaire. |
| 260 |
_aMadrid : _bGiner, _c1973. |
||
| 300 |
_a487 p. ; _c22 cm. |
||
| 650 | 4 |
_aNovela estadounidense _9262 |
|
| 650 | 4 |
_aLiteratura estadounidense _9263 |
|
| 700 | 1 |
_aGómez de la Serna, Julio, _etr. _912818 |
|
| 700 | 1 |
_aBaudelaire, Charles. _911305 |
|
| 910 | _aEn proceso | ||
| 999 |
_c4156 _d4156 |
||